LEADER 01130nam a2200241 i 4500 001 000000043048 003 CaOOAMICUS 005 20090731000000.0 008 090731s1969 fr u000 u fre u 013 $a14218 040 $aSeMil$bita 100 1 $aBobrinskoy, Boris <1925- >.$0(OLS)http://semarc/name/21367 245 10$aIntercommunion :$bdes chrétiens s'interrogent : eucharistie, église, unité /$cBoris Bobrinskoy, Jean-Jacques Heitz, Paul Lebeau ; préface par Georges Lefebvre. 260 $aTours :$bMame,$c1969. 300 $a234 p. ;$c18 cm. 650 4$aEcumenismo.$0(OLS)http://semarc/subject/3071 700 1 $aLefebvre, Georges .$0(OLS)http://semarc/name/90492 700 1 $aLebeau, Paul .$0(OLS)http://semarc/name/21369 700 1 $aHeitz, Jean-Jacques.$0(OLS)http://semarc/name/21368 850 $aSeMil 852 $aSeMil$W1$xVenegono$y1$m2B I 325$j9203$B9203$CSeMilBibl$Z2$F9203 $81 996 $6245$aIntercommunion :$bdes chrétiens s'interrogent : eucharistie, église, unité$9(OLS)http://semarc/title/63065 996 $6260$aTours :$bMame$9(OLS)http://semarc/publisher/33774 LEADER 01013nam a2200241 i 4500 001 000000070070 003 CaOOAMICUS 005 20130701000000.0 008 130701s2013 it u000 u ita u 013 $a41242 020 $a978-88-8025-953-4 040 $aSeMil$bita 100 1 $aSpezzibottiani, Mario,$c.$0(OLS)http://semarc/name/16835 245 13$aIl cuore credente dell'Europa /$cMario Spezzibottiani. 260 $aMilano :$bCentro Ambrosiano,$c2013. 300 $a230 p. ;$c21 cm. 650 4$aSpezzibottiani, Mario - Concezione dell'Europa.$0(OLS)http://semarc/subject/13942 850 $aSeMil 852 $aSeMil$W1$xVenegono$y1$m2D II 438$j36223$B36223$CSeMilBibl$Z2$F36226 $81 961 $aOmaggio: Delpini mons. Mario 996 $6020$a978-88-8025-953-4$9(OLS)http://semarc/number/48782 996 $6245$aIl cuore credente dell'Europa$9(OLS)http://semarc/title/112390 996 $6260$aMilano :$bCentro Ambrosiano$9(OLS)http://semarc/publisher/29766